000 00494nam a2200181Ia 4500
001 5160
005 20260306145848.0
008 260306t2005||||xx |||||||||||||| ||spa||
041 _aESP
082 _a336.2
_bP12
100 _aStaff de Asesores del Área Tributaria de la Revista Actualidad Empresarial
_eAUT
245 0 _aManual del sistema de tributación sectorial
260 _c2005
300 _a383 páginas :
_c24 cm.
650 _aGEN
654 _aCAN
942 _cLIB
_dJUS
_fJUS
_2ddc
_n
999 _c5160
_d5160